000 00350nam a2200157Ia 4500
008 230711s9999||||xx |||||||||||||| ||und||
041 _aENG
082 _a624
_bBR-I
100 _aBrian,Atkin
245 0 _aIntelligent building
250 _a1st
260 _c1988
_aNew York
_bThomas Telford
300 _a267
650 _aArchitecture
942 _cBK
999 _c762
_d762